000 00481nam a2200181Ia 4500
005 20250508152816.0
008 008 250505s9999 xx 000 0 hin d
037 _aTextual
040 _aFEDL
_beng
_cFEDL
041 _ahin
_2eng
084 _a294.5, SIN
_qFEDL
100 _aSinhal Madangopal
_9762437
245 0 _aHindu ki Ram kahani
260 _aMeerut, India
_bGopal Prakashan
300 _a36p.
942 _cTEXL
_h294.5, SIN
999 _c1338880
_d1338880